|
|
|
|
| LEADER |
00879nam a2200277 a 4500 |
| 001 |
000570186 |
| 003 |
CZ BrMZK |
| 005 |
20031105060824.0 |
| 007 |
ta |
| 008 |
010907s1964 gw cze d |
| 040 |
|
|
|a BOA001
|b cze
|
| 080 |
|
|
|a (0:82-1)
|2 MRF
|
| 080 |
|
|
|a 821.162.3-1
|2 MRF
|
| 100 |
1 |
|
|a Martínek, Josef,
|d 1889-1980
|7 jk01080347
|4 aut
|
| 245 |
1 |
0 |
|a Listy z deníku /
|c Joseph Martinek
|
| 246 |
3 |
1 |
|a Leaves of a diary
|
| 260 |
|
|
|a Hamburg :
|b Sklizeň,
|c c1964
|
| 300 |
|
|
|a 56 s. ;
|c 21 cm
|
| 490 |
1 |
|
|a Sklizeň ;
|v sv. 11
|
| 500 |
|
|
|a Souběžný název též anglicky
|
| 541 |
|
|
|a Australie, French Forest, St. Berton - RNDr. E. Slánský
|
| 655 |
|
7 |
|a česká poezie
|7 fd133958
|2 czenas
|
| 830 |
|
0 |
|a Sklizeň
|
| 910 |
|
|
|a BOA001
|b 2-1089.742
|
| 990 |
|
|
|a BK
|
| 996 |
7 |
|
|b 2610141747
|c 2-1089.742
|l MZK
|r Sklad / do 1 hodiny
|n 1
|p dar
|w 000570186
|u 000010
|a 1
|e BOA001
|j MZK50
|s A
|